000 01017cam a22001814a 4500
005 20250605163511.0
008 250528s ||||||||||||||||||||||||d
035 _a20561
020 _a9608500001
040 _aGR-AtMCL
_bgre
_dGR-AtMCL
_eAACR2
245 1 _a4ος Οδηγός Βιβλίου / Πρώτο Μέρος: Περιέχει τους Έλληνες Εκδότες και τα Βιβλία τους πού Κυκλοφορούν, Δεύτερο Μέρος: Παρουσιάζονται Θεματικά τα Βιβλία που εκδόθηκαν στην Ελλάδα από 1/7/85 ως 31/12/88.
260 _bΠανελλήνια Ομοσπονδία Εκδοτών Βιβλιοπώλων,
_c1989
300 _a1002
520 _aΠρόλογος, Ευρετήριο Εκδοτών, Οι Εκδότες και τα Βιβλία τους, Θεματική Παρουσίαση των Βιβλίων, Διαφημιστικές Σελίδες.
942 _cBK
999 _c5658
_d5658